Histoire contemporaine 1830-1872 / (Record no. 167878)
[ view plain ]
| 000 -LEADER | |
|---|---|
| campo de control de longitud fija | 01053nam a22002655i 4500 |
| 001 - NÚMERO DE CONTROL | |
| campo de control | 167878 |
| 003 - IDENTIFICADOR DE NÚMERO DE CONTROL | |
| campo de control | ES-MaACL |
| 005 - FECHA Y HORA DE LA ÚLTIMA TRANSACCIÓN | |
| campo de control | 20250815004212.0 |
| 008 - DATOS DE LONGITUD FIJA--INFORMACIÓN GENERAL | |
| campo de control de longitud fija | 050929e1875 fr | |||||||| ||fre d |
| 040 ## - FUENTE DE CATALOGACIÓN | |
| Centro catalogador/agencia de origen | CAM |
| Lengua de catalogación | spa |
| Centro/agencia transcriptor | CAM |
| 080 ## - NÚMERO DE LA CLASIFICACIÓN DECIMAL UNIVERSAL | |
| Número de la Clasificación Decimal Universal | 94(100)"18" |
| 100 1# - ENTRADA PRINCIPAL--NOMBRE DE PERSONA | |
| Nombre de persona | Weber, Georg, |
| Fechas asociadas al nombre | 1808-1888 |
| 9 (RLIN) | 133891 |
| Término indicativo de función/relación | Autor |
| 245 10 - MENCIÓN DEL TÍTULO | |
| Título | Histoire contemporaine 1830-1872 / |
| Mención de responsabilidad, etc. | par Georges Weber; traduite de l'allemandsur la 75me. éd. par Laurent-Lapp. |
| 250 ## - MENCION DE EDICION | |
| Mención de edición | Seule éd. française autorisé. |
| 260 ## - PUBLICACIÓN, DISTRIBUCIÓN, ETC. | |
| Lugar de publicación, distribución, etc. | Paris : |
| Nombre del editor, distribuidor, etc. | Librairie Internationale A. Lacroix et cie., |
| Fecha de publicación, distribución, etc. | 1875 |
| Fabricante | (Imp. E. Heutte et Ce.) |
| 300 ## - DESCRIPCIÓN FÍSICA | |
| Extensión | 2 volúmenes ; |
| Dimensiones | 19 cm. |
| 490 1# - MENCIÓN DE SERIE | |
| Mención de serie | Histoire universelle |
| 650 #7 - PUNTO DE ACCESO ADICIONAL DE MATERIA--TÉRMINO DE MATERIA | |
| Término de materia o nombre geográfico como elemento de entrada | Historia contemporánea |
| Fuente del encabezamiento o término | embne |
| 9 (RLIN) | 13393 |
| 700 1# - ENTRADA AGREGADA--NOMBRE PERSONAL | |
| 9 (RLIN) | 241159 |
| Nombre de persona | Laurent-Lapp, Jacques, |
| Fechas asociadas al nombre | 1836-1904 |
| Término indicativo de función/relación | Traductor |
| 830 #0 - PUNTO DE ACCESO ADICIONAL DE SERIE-TÍTULO UNIFORME | |
| Título uniforme | Histoire universelle |
| 9 (RLIN) | 182495 |
| 852 ## - LOCALIZACIÓN | |
| Ubicación | ES-MaACL |
| Ubicación en estantería | Sala Valle Inclán |
| Anotaciones manuscritas | Firma autógrafa de Antonio Aura Boronat |
| Donativo/Legado | Donativo de Antonio Aura Boronat |
| Número de control de estantería | D-5035-36 |
| Encuadernación | Holandesa |
| 942 ## - ELEMENTOS DE ENTRADA SECUNDARIOS (KOHA) | |
| Fuente del sistema de clasificación o colocación | Clasificación decimal universal |
| Tipo de ítem Koha | Libro impreso antiguo |
| Suprimir en OPAC | No |
| Estatus retirado | Estado de pérdida | Fuente del sistema de clasificación o colocación | Estado de daño | No para préstamo | Colección | Biblioteca de origen | Biblioteca actual | Ubicación en estantería | Fecha de adquisición | Fuente de adquisición | Total de préstamos | Signatura topográfica completa | Código de barras | Visto por última vez | Tipo de ítem Koha |
|---|---|---|---|---|---|---|---|---|---|---|---|---|---|---|---|
| Clasificación decimal universal | Libros del s. XIX | Biblioteca del Ateneo de Madrid | Biblioteca del Ateneo de Madrid | Sala Valle Inclán | 17/01/2008 | Donación | D-5035-36 | 901176125 | 23/02/2023 | Libro impreso antiguo |
